[Event "ICS rated blitz match"]
[Site "207.99.83.227"]
[Date "1999.04.11"]
[Round "?"]
[White "grig"]
[Black "Hossa"]
[Result "0-1"]
[WhiteElo "2178"]
[BlackElo "2474"]
[PlyCount "66"]

1. e4 e5 2. f4 exf4 3. Nf3 Bb4 4. a3 Be7 5. d4 Bh4+ 6. Ke2 Qf6 7. Nc3 Ne7 8. e5
Qa6+ 9. Kd2 Qh6 10. Bd3 O-O 11. Qe2 d5 12. Kd1 Nbc6 13. g3 Bxg3 14. Rg1 Bg4 15.
hxg3 Nxd4 16. Nxd4 Bxe2+ 17. Ndxe2 d4 18. Ne4 Qb6 19. gxf4 Nd5 20. f5 Kh8 21.
Rh1 Rae8 22. f6 Ne3+ 23. Bxe3 dxe3 24. fxg7+ Kxg7 25. Nf6 h6 26. Nf4 Rxe5 27.
N4h5+ Kh8 28. Ke2 Re6 29. Raf1 Qxb2 30. Rf5 Qc3 31. Nd7 Qd2+ 32. Kf3 Qf2+ 33.
Kg4 33... Rg6+ {grig resigns} 0-1

[Event "ICS rated blitz match"]
[Site "207.99.83.227"]
[Date "1999.04.11"]
[Round "?"]
[White "Hossa"]
[Black "grig"]
[Result "1-0"]
[WhiteElo "2479"]
[BlackElo "2173"]
[PlyCount "31"]

1. e4 e5 2. Nf3 Nc6 3. Bc4 Be7 4. Nc3 Nf6 5. d3 O-O 6. O-O a6 7. Bd5 d6 8. Bxc6
bxc6 9. d4 exd4 10. Nxd4 Bd7 11. Qf3 c5 12. Nf5 Bxf5 13. Qxf5 Rb8 14. e5 Qd7
15. Nd5 Bd8 16. Nxf6+ {grig resigns} 1-0

[Event "ICS rated bullet match"]
[Site "207.99.83.227"]
[Date "1999.04.11"]
[Round "?"]
[White "SeaHorse"]
[Black "Hossa"]
[Result "0-1"]
[WhiteElo "2296"]
[BlackElo "2461"]
[PlyCount "90"]

1. d4 Nf6 2. c3 d5 3. e3 e6 4. Bd3 Be7 5. f4 c5 6. Nf3 Nc6 7. Nbd2 Ng4 8. Qe2
c4 9. Bc2 Bh4+ 10. g3 Be7 11. O-O O-O 12. h3 Nf6 13. Kh2 Qe8 14. Ne5 Bd7 15. g4
Rd8 16. Rg1 Bd6 17. g5 Bxe5 18. fxe5 Ne4 19. Nxe4 dxe4 20. Bxe4 Na5 21. Qh5 f5
22. Qxe8 Bxe8 23. Bf3 Bc6 24. Kg3 Bxf3 25. Kxf3 g6 26. h4 Kf7 27. Rh1 Nc6 28.
Bd2 Nxe5+ 29. Ke2 Nd3 30. Rab1 Rd7 31. b3 b5 32. bxc4 bxc4 33. Rb5 a6 34. Rb6
a5 35. Rhb1 Rfd8 36. a4 Rc7 37. Ra6 h6 38. gxh6 Rh8 39. e4 f4 40. Rxa5 Rxh6 41.
Rh1 Rh5 42. Kf3 Rxa5 43. Bxf4 Rca7 44. e5 Rxa4 45. Ke4 45... Nf2+ {
SeaHorse resigns} 0-1

[Event "ICS rated blitz match"]
[Site "207.99.83.227"]
[Date "1999.04.11"]
[Round "?"]
[White "Hossa"]
[Black "Nimzovik"]
[Result "1-0"]
[WhiteElo "2488"]
[BlackElo "2126"]
[PlyCount "29"]

1. e4 Nc6 2. Nf3 d5 3. exd5 Qxd5 4. Nc3 Qa5 5. d4 Bg4 6. Bb5 O-O-O 7. Bxc6 bxc6
8. Qd3 c5 9. d5 c4 10. Qe3 Nf6 11. Nd4 Nxd5 12. Qg5 Nxc3 13. Qxa5 Nd5 14. Qa6+
Kb8 15. Nc6+ {Nimzovik resigns} 1-0

[Event "ICS rated blitz match"]
[Site "207.99.83.227"]
[Date "1999.04.11"]
[Round "?"]
[White "zia"]
[Black "Hossa"]
[Result "0-1"]
[WhiteElo "2198"]
[BlackElo "2492"]
[PlyCount "72"]

1. e4 c5 2. Nf3 Nc6 3. d4 cxd4 4. Nxd4 Qb6 5. Nb3 Nf6 6. Nc3 e6 7. Bd3 Bb4 8.
O-O Bxc3 9. bxc3 Qc7 10. f4 d6 11. a4 Qb6+ 12. Kh1 O-O 13. a5 Qd8 14. Qe2 Rb8
15. Rd1 Qc7 16. h3 Ra8 17. g4 d5 18. e5 Nd7 19. Ba3 Re8 20. Bd6 Qd8 21. Qf2 f6
22. Re1 fxe5 23. fxe5 Qg5 24. Qe3 Qxe3 25. Rxe3 b6 26. axb6 Nxb6 27. Nc5 a6 28.
Bc7 Nc4 29. Bxc4 dxc4 30. Bd6 Ne7 31. Rd1 Nd5 32. Rf3 a5 33. Rdf1 h6 34. Ra1
Rd8 35. Bc7 Nxc7 36. Na4 36... Bb7 {zia resigns} 0-1

[Event "ICS rated blitz match"]
[Site "207.99.83.227"]
[Date "1999.04.11"]
[Round "?"]
[White "WhiteHorse"]
[Black "Hossa"]
[Result "0-1"]
[WhiteElo "2387"]
[BlackElo "2497"]
[PlyCount "98"]

1. d4 Nf6 2. c3 e6 3. e3 d5 4. f4 Be7 5. Bd3 c5 6. Nf3 c4 7. Bc2 O-O 8. O-O Bd7
9. Nbd2 Nc6 10. Ne5 Rc8 11. Rf3 Bd6 12. Rh3 Ne7 13. Bxh7+ Nxh7 14. Qh5 Re8 15.
Qxf7+ Kh8 16. Qh5 Kg8 17. Qxh7+ Kf8 18. Qh8+ Ng8 19. Ng6+ Kf7 20. Qh5 Nh6 21.
Rg3 Kg8 22. Ne5 Bxe5 23. Qxh6 Bf6 24. Nf3 Rf8 25. Ne5 Be8 26. e4 dxe4 27. Qh3
Qd5 28. Be3 Rd8 29. Rf1 Rd6 30. Qg4 Rd8 31. h4 Kh8 32. h5 a6 33. Ng6+ Bxg6 34.
hxg6 Qf5 35. Rh3+ Kg8 36. Qg3 Rd5 37. Kf2 Rb5 38. Rfh1 Rxb2+ 39. Bd2 e3+ 40.
Qxe3 Rxd2+ 41. Qxd2 Qxg6 42. Rh8+ Kf7 43. Rxf8+ Kxf8 44. Re1 Bh4+ 45. Kg1 Bxe1
46. Qxe1 b5 47. Kf2 Qc2+ 48. Qe2 Qxc3 49. Qe3 49... Qxe3+ {WhiteHorse resigns}
0-1

[Event "ICS rated blitz match"]
[Site "207.99.83.227"]
[Date "1999.04.11"]
[Round "?"]
[White "Hossa"]
[Black "WhiteHorse"]
[Result "1-0"]
[WhiteElo "2508"]
[BlackElo "2376"]
[PlyCount "77"]

1. e4 e5 2. Nf3 d6 3. Be2 c5 4. Nc3 Nc6 5. Bb5 Be6 6. d3 Nge7 7. O-O h6 8. Bc4
Qd7 9. b3 g6 10. Bb2 Bg7 11. a3 O-O 12. Nd2 f5 13. Nb5 Rac8 14. Bxe6+ Qxe6 15.
Nc4 Rfd8 16. Nc3 f4 17. Rc1 Kh7 18. a4 Rg8 19. Nb5 Rgd8 20. Bc3 a6 21. Nba3 Rg8
22. Nb6 Rcf8 23. Qf3 g5 24. h3 Rf6 25. Nd5 Rg6 26. Nc4 Nd4 27. Bxd4 cxd4 28.
Nxe7 Qxe7 29. Qh5 Qe6 30. c3 d5 31. exd5 Qxd5 32. Rfe1 Bf6 33. cxd4 exd4 34.
Re4 R8g7 35. Rxf4 b5 36. axb5 axb5 37. Nd2 Be5 38. Re4 Bf4 39. Rxf4 {
WhiteHorse resigns} 1-0

[Event "ICS rated blitz match"]
[Site "207.99.83.227"]
[Date "1999.04.11"]
[Round "?"]
[White "WhiteHorse"]
[Black "Hossa"]
[Result "0-1"]
[WhiteElo "2378"]
[BlackElo "2506"]
[PlyCount "84"]

1. d4 Nf6 2. e3 e6 3. c3 d5 4. f4 Bd6 5. Bd3 O-O 6. Nf3 b6 7. O-O Ba6 8. Qe2
Bxd3 9. Qxd3 c5 10. Nbd2 Nc6 11. Ne5 Rc8 12. Rf3 cxd4 13. exd4 Ne7 14. Rh3 Nf5
15. Qe2 Qe7 16. g4 Nh6 17. g5 Nf5 18. gxf6 Qxf6 19. Ndf3 Qe7 20. Qf2 f6 21. Ng4
Qf7 22. Nh4 Qh5 23. Ne3 Nxe3 24. Bxe3 e5 25. dxe5 fxe5 26. f5 Rc4 27. Kh1 Be7
28. Rg1 Rxh4 29. Rxh4 Bxh4 30. Qg2 Qf7 31. Bg5 Bxg5 32. Qxg5 Kh8 33. h4 Qf6 34.
Qxf6 gxf6 35. Rd1 Rd8 36. Kg2 b5 37. Kf3 a5 38. h5 Kg7 39. Kg4 Kh6 40. Kh4 d4
41. cxd4 Rxd4+ 42. Rxd4 42... exd4 {WhiteHorse resigns} 0-1

[Event "ICS rated blitz match"]
[Site "207.99.83.227"]
[Date "1999.04.11"]
[Round "?"]
[White "Hossa"]
[Black "VESta"]
[Result "1-0"]
[WhiteElo "2516"]
[BlackElo "2439"]
[PlyCount "25"]

1. e4 e5 2. Nf3 Nc6 3. Bc4 Nf6 4. Ng5 d5 5. exd5 Na5 6. Bb5+ c6 7. dxc6 bxc6 8.
Qf3 Qc7 9. Nc3 Be7 10. Nd5 Nxd5 11. Qxf7+ Kd8 12. Qxd5+ cxd5 13. Nf7# {
VESta checkmated} 1-0

[Event "ICS rated blitz match"]
[Site "207.99.83.227"]
[Date "1999.04.11"]
[Round "?"]
[White "highness"]
[Black "Hossa"]
[Result "0-1"]
[WhiteElo "2200"]
[BlackElo "2529"]
[PlyCount "40"]

1. e4 e5 2. Nf3 Nc6 3. d4 exd4 4. Nxd4 Qh4 5. Nxc6 Qxe4+ 6. Qe2 Qxe2+ 7. Bxe2
dxc6 8. O-O Bf5 9. c3 O-O-O 10. Na3 Bxa3 11. bxa3 Bd3 12. Bxd3 Rxd3 13. Bb2 Rd2
14. Rab1 Ne7 15. Rfe1 Nf5 16. g3 Nd6 17. Re7 Kd8 18. Re5 Nc4 19. Rbe1 Nxe5 20.
Rxe5 20... Rxb2 {highness resigns} 0-1

[Event "ICS rated blitz match"]
[Site "207.99.83.227"]
[Date "1999.04.11"]
[Round "?"]
[White "Hossa"]
[Black "highness"]
[Result "1-0"]
[WhiteElo "2529"]
[BlackElo "2169"]
[PlyCount "25"]

1. e4 e5 2. Nf3 d6 3. Be2 Bg4 4. O-O Nf6 5. d4 Bxf3 6. Bxf3 exd4 7. e5 dxe5 8.
Bxb7 Nbd7 9. Bxa8 Qxa8 10. c3 dxc3 11. Nxc3 Bd6 12. Nb5 Bc5 13. Nxc7+ {
highness resigns} 1-0

[Event "ICS rated blitz match"]
[Site "207.99.83.227"]
[Date "1999.04.11"]
[Round "?"]
[White "WhiteHorse"]
[Black "Hossa"]
[Result "1-0"]
[WhiteElo "2372"]
[BlackElo "2526"]
[Annotator "Crafty v16.6"]
[PlyCount "80"]

{annotating for player Hossa using a scoring margin of +0.10 pawns. search
time limit is 20.00} 1. d4 1... Nf6 2. c3 d5 3. e3 e6 4. Bd3 Be7 5. f4 c5 6.
Nf3 Nc6 7. O-O O-O 8. Nbd2 Bd7 9. Ne5 Rc8 ({9:-0.43} 9... Rc8 10. Nxd7 Qxd7 11.
a3 cxd4 12. cxd4 Rc7 13. b4 Rfc8 14. b5 14... Na5 $14) ({9:-0.23} 9... Nxe5 10.
dxe5 Ne8 11. Qh5 h6 12. Rd1 c4 13. Bc2 Bc5 14. Nf3 $10) 10. Rf3 cxd4 ({9:-0.33
} 10... cxd4 11. Rh3 Kh8 12. cxd4 Nb4 13. Be2 Nc2 14. Nxd7 Qxd7 15. Rb1 $14) ({
9:+0.02} 10... Nxe5 11. dxe5 Ng4 12. Rg3 Nh6 13. Qh5 Nf5 14. Rh3 h6 15. e4 $10)
11. exd4 Qe8 12. Rh3 Kh8 ({9:-2.24} 12... Kh8 13. Bxh7 Nxe5 14. fxe5 Ng8 15.
Bd3+ Nh6 16. Nb3 f5 17. Bxh6 gxh6 18. Rxh6+ 18... Kg8 $18) ({9:-0.04} 12... h6
13. Re3 Rc7 14. Nxd7 Qxd7 15. Qf3 Rfc8 16. Nb3 Bd6 17. Bd2 $10) 13. Bxh7 Nxe5
14. fxe5 Ng8 15. Nf3 Nh6 16. Bxh6 gxh6 17. Rxh6 Kg7 18. Rh3 Rh8 19. Qd3 Bb5 20.
Rg3+ Kf8 21. Qc2 Qd7 22. Bd3 Bxd3 23. Qxd3 Ke8 24. Rf1 Qa4 ({9:-2.91} 24... Qa4
25. Ne1 Rf8 26. Rg7 Rc6 27. a3 Rb6 28. Rf2 28... Qd7 $18) ({9:-2.77} 24... Kd8
25. Ng5 Bxg5 26. Rxg5 Rc7 27. Rg7 Kc8 28. g4 Qe8 29. Rf6 $18) 25. a3 Qc4 26.
Qd2 Qc7 ({8:-3.01} 26... Qc7 27. Ng5 Rf8 28. Qf4 Bxg5 29. Rxg5 Qb6 30. Rf2
30... Qd8 $18) ({8:-2.72} 26... Rh5 27. Ng5 Bxg5 28. Rxg5 Rh7 29. Rf6 Kd8 30.
Qf4 30... Rc7 $18) 27. Ng5 Bxg5 28. Qxg5 Rf8 29. Rgf3 Qe7 30. Rf6 Rc6 31. h4
Rb6 32. h5 Rxb2 33. h6 Qxa3 34. h7 Qe7 35. Qg8 Rc2 36. h8=Q Rc1 37. Rxc1 Rxg8
38. Qxg8+ Qf8 39. Qxf8+ Kxf8 40. Rcf1 Kg8 1-0

[Event "ICS rated blitz match"]
[Site "207.99.83.227"]
[Date "1999.04.11"]
[Round "?"]
[White "Hossa"]
[Black "WhiteHorse"]
[Result "1-0"]
[WhiteElo "2503"]
[BlackElo "2395"]
[PlyCount "24"]

1. e4 b6 2. Nf3 Bb7 3. Bd3 e6 4. Nc3 Nf6 5. O-O d5 6. exd5 Nxd5 7. Re1 Nxc3 8.
dxc3 Nc6 9. Ng5 h6 10. Qh5 g6 11. Bxg6 hxg5 12. Bxf7+ 12... Kd7 {
WhiteHorse resigns} 1-0

[Event "ICS rated blitz match"]
[Site "207.99.83.227"]
[Date "1999.04.11"]
[Round "?"]
[White "WhiteHorse"]
[Black "Hossa"]
[Result "0-1"]
[WhiteElo "2384"]
[BlackElo "2514"]
[PlyCount "45"]

1. d4 Nf6 2. c3 e6 3. e3 d5 4. f4 c5 5. Bd3 cxd4 6. exd4 Bd6 7. Nf3 Nh5 8. Ne5
Qh4+ 9. g3 Nxg3 10. Nf3 Qh3 11. Kf2 Nxh1+ 12. Qxh1 O-O 13. Nbd2 Bxf4 14. Nf1
Bxc1 15. Rxc1 Nc6 16. Ne3 Bd7 17. Rg1 Ne7 18. Rg3 Qh6 19. Qg2 Ng6 20. Ng4 Qc1
21. Nge5 Qxb2+ 22. Be2 Bb5 23. Qf1 {WhiteHorse resigns} 0-1

[Event "ICS rated blitz match"]
[Site "207.99.83.227"]
[Date "1999.04.11"]
[Round "?"]
[White "Hossa"]
[Black "WhiteHorse"]
[Result "1-0"]
[WhiteElo "2524"]
[BlackElo "2374"]
[PlyCount "65"]

1. e4 e5 2. Nf3 d6 3. Be2 c5 4. O-O g6 5. d3 Bg7 6. Bg5 f6 7. Be3 f5 8. Nc3 f4
9. Bd2 Ne7 10. Rc1 O-O 11. Qe1 h6 12. Nb5 a6 13. Na3 Kh7 14. b4 g5 15. bxc5
dxc5 16. Nc4 Ng6 17. Ba5 Qe8 18. Nb6 Ra7 19. Nxc8 Qxc8 20. Bb6 Ra8 21. Nd2 g4
22. f3 h5 23. fxg4 hxg4 24. Rb1 Bh6 25. Rb3 Rg8 26. Nc4 f3 27. gxf3 gxf3 28.
Bxf3 Nf4+ 29. Kh1 Nc6 30. Bxc5 Qh3 31. Rxb7+ Kh8 32. Qf2 Qc8 33. Nd6 {
WhiteHorse resigns} 1-0

[Event "ICS rated blitz match"]
[Site "207.99.83.227"]
[Date "1999.04.11"]
[Round "?"]
[White "WhiteHorse"]
[Black "Hossa"]
[Result "0-1"]
[WhiteElo "2365"]
[BlackElo "2533"]
[PlyCount "42"]

1. d4 Nf6 2. c3 d5 3. e3 e6 4. f4 Bd6 5. Bd3 O-O 6. Nf3 b6 7. O-O Ba6 8. Ne5
Bxd3 9. Qxd3 c5 10. Rf3 Bxe5 11. fxe5 Ne4 12. Nd2 Ng5 13. Rg3 f6 14. exf6 Qxf6
15. Nf3 Ne4 16. Rh3 Nc6 17. Bd2 Qg6 18. Rf1 Nf2 19. Qxg6 Nxh3+ 20. gxh3 hxg6
21. Kg2 21... Rf5 {WhiteHorse resigns} 0-1

[Event "ICS rated blitz match"]
[Site "207.99.83.227"]
[Date "1999.04.11"]
[Round "?"]
[White "WhiteHorse"]
[Black "Hossa"]
[Result "0-1"]
[WhiteElo "2380"]
[BlackElo "2518"]
[PlyCount "34"]

1. d4 Nf6 2. e3 e6 3. f4 c5 4. c3 cxd4 5. exd4 b6 6. Nf3 Be7 7. Bd3 O-O 8. O-O
Ba6 9. Ne5 Bxd3 10. Nxd3 Nc6 11. Rf3 Bd6 12. Rh3 Rc8 13. Ne5 Ne7 14. Nd2 Ned5
15. Ndf3 Ne4 16. Qe2 f5 17. Nd2 17... Nxf4 {WhiteHorse resigns} 0-1

[Event "ICS rated blitz match"]
[Site "207.99.83.227"]
[Date "1999.04.11"]
[Round "?"]
[White "Hossa"]
[Black "WhiteHorse"]
[Result "1-0"]
[WhiteElo "2528"]
[BlackElo "2370"]
[PlyCount "37"]

1. e4 a6 2. Nf3 d6 3. Be2 e5 4. O-O c5 5. d3 h6 6. Nc3 g6 7. Nd2 Bg7 8. f4 Ne7
9. fxe5 dxe5 10. Nb3 b6 11. Be3 O-O 12. Qe1 Nbc6 13. Qh4 Kh7 14. Bg5 Be6 15.
Nd5 Re8 16. Nf6+ Bxf6 17. Qxh6+ Kg8 18. Bxf6 Nf5 19. Qh8# {
WhiteHorse checkmated} 1-0

[Event "ICS rated blitz match"]
[Site "207.99.83.227"]
[Date "1999.04.11"]
[Round "?"]
[White "WhiteHorse"]
[Black "Hossa"]
[Result "1-0"]
[WhiteElo "2361"]
[BlackElo "2537"]
[PlyCount "123"]

1. d4 Nf6 2. e3 e6 3. f4 c5 4. Nf3 cxd4 5. exd4 Bb4+ 6. c3 Be7 7. Bd3 b6 8. Qe2
O-O 9. O-O Bb7 10. Nbd2 Nc6 11. a3 Rc8 12. Ne5 d6 13. Nef3 Qd7 14. Kh1 d5 15.
Ne5 Qc7 16. Rf3 Bd6 17. Rh3 Qe7 18. Bxh7+ Kh8 19. Bd3+ Kg8 20. Ndf3 Na5 21. Ng5
g6 22. Bxg6 Bxe5 23. dxe5 fxg6 24. exf6 Rxf6 25. Rh7 Qd6 26. Be3 Rc7 27. Rxc7
Qxc7 28. Bd4 e5 29. fxe5 Rf5 30. Nf3 Nb3 31. Re1 Qc4 32. Qe3 Nxd4 33. Nxd4 Rf1+
34. Rxf1 Qxf1+ 35. Qg1 Qf4 36. e6 Bc8 37. Qe1 Qe4 38. Qxe4 dxe4 39. Kg1 Kf8 40.
Kf2 Ke7 41. Ke3 Bxe6 42. Nxe6 Kxe6 43. Kxe4 g5 44. g3 Kf6 45. h4 gxh4 46. gxh4
Ke6 47. h5 Kf6 48. h6 Kg6 49. Kd5 Kh7 50. Kc6 Kxh6 51. Kb7 a5 52. Kxb6 a4 53.
c4 Kg6 54. c5 Kf6 55. c6 Ke6 56. c7 Ke7 57. Kb7 Ke6 58. c8=Q+ Ke5 59. Qc4 Kf5
60. Qxa4 Ke5 61. Qd1 Kf4 62. a4 {Hossa resigns} 1-0

[Event "ICS rated blitz match"]
[Site "207.99.83.227"]
[Date "1999.04.11"]
[Round "?"]
[White "Hossa"]
[Black "WhiteHorse"]
[Result "1/2-1/2"]
[WhiteElo "2514"]
[BlackElo "2384"]
[PlyCount "97"]

1. e4 e5 2. Nf3 d6 3. d4 exd4 4. Nxd4 c5 5. Nf3 Nc6 6. Nc3 g6 7. Nd5 Bg7 8. Bc4
Be6 9. c3 Bxd5 10. exd5 Ne5 11. Bb5+ Kf8 12. Nxe5 Bxe5 13. f4 Bg7 14. O-O a6
15. Bd3 Nf6 16. f5 Kg8 17. fxg6 hxg6 18. Bg5 Rh5 19. Bxf6 Bxf6 20. Qf3 Kg7 21.
Rae1 Rh6 22. Bc2 b5 23. b4 c4 24. Re3 Ra7 25. Qf2 Rd7 26. Rf3 g5 27. h3 Qe7 28.
Qb6 Ra7 29. a4 bxa4 30. Bxa4 Ra8 31. Qc6 Rah8 32. Qxc4 Rg6 33. Qxa6 g4 34. hxg4
Rgh6 35. Bb5 Rh1+ 36. Kf2 Bg5 37. Qa1 Rxf1+ 38. Qxf1 Rc8 39. c4 Ra8 40. Kg1
Be3+ 41. Kh1 Rh8+ 42. Rh3 Rxh3+ 43. gxh3 Qe4+ 44. Kh2 Bf4+ 45. Kg1 Be3+ 46. Kh2
Bf4+ 47. Kg1 Be3+ 48. Kh2 Bf4+ 49. Kg1 {Game drawn by repetition} 1/2-1/2

[Event "ICS rated blitz match"]
[Site "207.99.83.227"]
[Date "1999.04.11"]
[Round "?"]
[White "WhiteHorse"]
[Black "Hossa"]
[Result "1-0"]
[WhiteElo "2390"]
[BlackElo "2508"]
[Annotator "Crafty v16.6"]
[PlyCount "140"]

{annotating for player Hossa using a scoring margin of +0.10 pawns. search
time limit is 20.00} 1. d4 1... Nf6 2. e3 e6 3. f4 c5 4. c3 cxd4 5. exd4 b6 ({
9:+0.31} 5... b6 6. Qf3 Nc6 7. f5 Bb7 8. fxe6 fxe6 9. Ne2 Na5 10. Qf4 $15) ({
9:+0.65} 5... Be7 6. Nf3 O-O 7. Bd3 Nc6 8. O-O Nd5 9. c4 9... Nb6 $15) 6. Nf3
Be7 7. Bd3 O-O 8. Qe2 Bb7 9. O-O Bxf3 ({8:+0.10} 9... Bxf3 10. Qxf3 Nc6 11. Nd2
Rc8 12. Re1 d6 13. f5 13... e5 $10) ({8:+0.36} 9... Nc6 10. Nbd2 Rc8 11. Ne4 d5
12. Nxf6+ Bxf6 13. Ng5 Bxg5 14. fxg5 14... Qd6 $15) 10. Rxf3 Nc6 11. Rh3 h6 12.
Nd2 Rc8 13. Nf3 Bd6 14. Ne5 Rc7 15. Bd2 Qe7 16. Rf1 Qd8 17. g4 Qe7 ({7:-1.61} 
17... Qe7 18. g5 Nd5 19. gxh6 g6 20. Qe4 20... Rfc8 $18) ({7:-0.85} 17... Qc8
18. Nc4 Ne8 19. g5 b5 20. Nxd6 Nxd6 21. gxh6 $16) 18. Rf2 Nd5 ({7:-1.38} 18...
Nd5 19. g5 Bxe5 20. fxe5 Rfc8 21. gxh6 f5 22. hxg7 Qxg7+ 23. Rg3 $16) ({7:-0.81
} 18... Kh8 19. g5 Ng8 20. Ng4 f5 21. Ne5 21... Rfc8 $16) 19. g5 Bxe5 ({7:-1.90
} 19... Bxe5 20. dxe5 d6 21. Qe4 g6 22. Rxh6 dxe5 23. fxe5 Rd8 24. Bc4 $18) ({
7:-1.56} 19... Rfc8 20. gxh6 g6 21. Ba6 Rd8 22. Qe4 22... Kh7 $18) 20. fxe5
Rfc8 ({7:-2.12} 20... Rfc8 21. Qe4 g6 22. Rxh6 d6 23. c4 23... Ndb4 $18) ({
7:-1.84} 20... d6 21. Qe4 g6 22. Rxh6 Rd8 23. exd6 Qxd6 24. Bc4 24... a5 $18)
21. Rg2 Nxd4 ({8:-4.34} 21... Nxd4 22. cxd4 Rc1+ 23. Kf2 Rh1 24. gxh6 g6 25.
Bg5 25... Qb4 $18) ({8:-1.89} 21... d6 22. gxh6 g6 23. Bg5 Qd7 24. Ba6 Re8 25.
Qe4 dxe5 26. dxe5 $18) 22. cxd4 hxg5 ({8:-Mat04} 22... hxg5 23. Rh8+ Kxh8 24.
Qh5+ Kg8 25. Qh7+ Kf8 26. Qh8# $18) ({8:-4.55} 22... Rc1+ 23. Kf2 R1c2 24. Bxc2
Rxc2 25. gxh6 g6 26. Kg1 26... Rxb2 $18) 23. Bxg5 f6 ({8:-Mat08} 23... f6 24.
Rh8+ Kxh8 25. Qh5+ Kg8 26. Qh7+ Kf8 27. Qh8+ Kf7 28. Bg6+ Kxg6 29. Be3+ Kf5 30.
Qh7+ g6 31. Qxg6# $18) ({8:-3.91} 23... Qxg5 24. Rxg5 Nf4 25. Qg4 Nxh3+ 26.
Qxh3 g6 27. Qh6 27... a5 $18) 24. exf6 Nxf6 25. Rf2 Rf8 26. Rg3 Rcc8 27. Bh6
Ne8 ({8:-6.92} 27... Ne8 28. Qe4 Rf5 29. Rxf5 Nd6 30. Qe5 Nxf5 31. Bxf5 $18) ({
8:-4.31} 27... Rf7 28. Rfg2 Ne8 29. Bg6 Rf6 30. Bg5 a5 31. Bxf6 31... Nxf6 $18)
28. Rxf8+ Kxf8 29. Bg5 Qb4 ({9:-6.43} 29... Qb4 30. Qf3+ Kg8 31. Qe4 Qd6 32.
Qh7+ Kf8 33. Qh8+ Kf7 34. Bg6+ Kxg6 35. Bf4+ Kf5 36. Bxd6 Nxd6 37. Qxg7 $18) ({
9:-3.96} 29... Nf6 30. Rf3 d6 31. Bg6 e5 32. Qe4 Rb8 33. d5 33... Rc8 $18) 30.
Qf2+ Kg8 31. Kg2 Qa5 32. a3 Nd6 33. Bf6 Qd5+ 34. Qf3 Qxf3+ 35. Kxf3 Ne8 36. Be5
Rd8 37. Bg6 d6 38. Bxe8 dxe5 39. Bb5 exd4 40. Ke4 Kf7 41. Rd3 Rd5 42. Bc4 Rh5
43. Rf3+ Ke7 44. h3 b5 45. Bb3 e5 46. Rg3 Kf6 47. Bd1 Rf5 48. Rf3 g6 49. h4 Ke6
50. Bb3+ Kf6 51. Bd5 Rxf3 52. Kxf3 Kf5 53. Be4+ Kf6 54. Kg4 a5 55. b3 b4 56. a4
Kg7 57. Kg5 Kf7 58. Bxg6+ Ke7 59. Bd3 Ke6 60. h5 Kf7 61. Kf5 Kg7 62. Kxe5 Kf7
63. Kxd4 Kf6 64. Kc5 Kf7 65. Kb6 Kg8 66. Kxa5 Kg7 67. Kxb4 Kh6 68. Bg6 Kg7 69.
a5 Kf6 70. a6 Ke5 1-0

[Event "ICS Rated blitz match"]
[Site "207.99.83.227"]
[Date "1999.04.12"]
[Round "?"]
[White "Cocovitsch"]
[Black "Hossa"]
[Result "0-1"]
[WhiteElo "2268"]
[BlackElo "2490"]
[PlyCount "32"]

1. d4 d5 2. Nf3 c5 3. c3 cxd4 4. cxd4 Bg4 5. e3 Nc6 6. Nc3 Nf6 7. Bd3 Rb8 8. h3
Bh5 9. Qa4 Bxf3 10. gxf3 e6 11. f4 Bb4 12. a3 Bxc3+ 13. bxc3 O-O 14. Qd1 Rc8
15. Bd2 Na5 16. f3 16... Nh5 {Cocovitsch resigns} 0-1

[Event "ICS rated blitz match"]
[Site "207.99.83.227"]
[Date "1999.04.12"]
[Round "?"]
[White "Hossa"]
[Black "totoff"]
[Result "1-0"]
[WhiteElo "2497"]
[BlackElo "2130"]
[PlyCount "49"]

1. e4 e6 2. Nf3 c5 3. Bb5 a6 4. Be2 Nc6 5. O-O Nf6 6. d3 h6 7. e5 Ng4 8. Bf4
Qc7 9. Re1 Ngxe5 10. Nxe5 Nxe5 11. d4 cxd4 12. Bxe5 Qxe5 13. Bxa6 Qc5 14. Bd3
b6 15. Nd2 Bb7 16. Nb3 Qd6 17. Be4 Qc7 18. Bxb7 Qxb7 19. Qxd4 O-O-O 20. c4 Bb4
21. Red1 Be7 22. c5 bxc5 23. Nxc5 Bxc5 24. Qxc5+ Qc6 25. Qa7 {totoff resigns}
1-0

[Event "ICS rated blitz match"]
[Site "207.99.83.227"]
[Date "1999.04.12"]
[Round "?"]
[White "totoff"]
[Black "Hossa"]
[Result "0-1"]
[WhiteElo "2127"]
[BlackElo "2500"]
[PlyCount "67"]

1. e4 d6 2. d4 Nf6 3. Nc3 g6 4. Be2 Bg7 5. Nf3 O-O 6. h3 e5 7. Be3 exd4 8. Bxd4
Nc6 9. Be3 Nd7 10. O-O Bxc3 11. bxc3 Re8 12. Bd3 Nce5 13. Nd2 Qf6 14. Qc1 Nc6
15. Qb2 Nde5 16. f4 Nd7 17. Bd4 Qh4 18. c4 Nxd4 19. Qxd4 g5 20. fxg5 Qxg5 21.
Nf3 Qg3 22. Rf2 Nc5 23. Kh1 Nxe4 24. Bxe4 Rxe4 25. Qxe4 Qxf2 26. Qe8+ Kg7 27.
Qe4 Rb8 28. Rd1 a6 29. Rd5 h6 30. Rh5 Be6 31. Qf4 Rh8 32. Qd4+ Qxd4 33. Nxd4
Bxc4 34. Rb5 {totoff resigns} 0-1